Guns in surviv.io - Statistics

General Stats
  • This quiz has been taken 143 times
    71 since last reset
  • The average score is 22 of 43
Answer Stats
Ammo type Answer % Correct
9mm M9
93%
7.62mm AK-47
89%
Flare Flare Gun
89%
9mm MP5
86%
12 gauge M870
75%
7.62mm Mosin-Nagant
73%
5.56mm M249
70%
12 gauge MP220
70%
9mm MAC-10
68%
5.56mm M416
66%
7.62mm OT-38
66%
7.62mm SV-98
64%
9mm Vector
64%
.308 Subsonic AWM-S
61%
12 gauge SPAS-12
61%
5.56mm FAMAS
57%
12 gauge M1100
57%
12 gauge Saiga-12
57%
9mm UMP9
55%
7.62mm Groza
50%
9mm G18C
48%
7.62mm Groza-S
48%
9mm M93R
48%
7.62 mm OTs-38
48%
7.62mm PKP Pecheneg
48%
9mm VSS
48%
5.56mm Scout Elite
45%
7.62mm M39 EMR
43%
7.62mm M1 Garand
41%
5.56mm Mk 12 SPR
41%
7.62mm DP-28
39%
7.62mm SCAR-H
39%
9mm CZ-3A1
36%
.50 AE DEagle 50
34%
5.56mm M4A1-S
34%
7.62mm M134
32%
5.56mm QBB-97
32%
.308 Subsonic Mk 20 SSR
30%
7.62mm PKM
30%
7.62mm BLR 81
25%
5.56mm L86A2
25%
7.62mm BAR M1918
20%
7.62mm SVD-63
20%
No matching quizzes found
Score Distribution
Percent of People with Each Score
Percentile by Number Answered
Your Score History
You have not taken this quiz since the last reset